000 00392nam a22001577a 4500
003 OSt
005 20140311163158.0
008 140226t xxu||||| |||| 00| 0 eng d
020 _a9789713704054
050 _a T 385
_b.J399 2011
245 _aMS PowerPoint 2010 /
260 _aPhilippines :
_bJemma Inc.,
_c2011.
300 _a136 p. :
_bill. ;
_c26 cm.
942 _2lcc
_cBK
999 _c42419
_d42419